000 01049nam a22002297a 4500
999 _c27618
_d27618
003 BDDh-ASL
005 20231015030802.0
008 200917b1994 b ||||| |||| 00| 0 b d
040 _aBDDh-ASL
_cBDDh-ASL
_dBDDh-ASL
041 _abengali
082 _a921
_bISB
100 1 _95798
_aইসলাম, আমিনুল
_cঅধ্যাপক
245 1 _aবাঙালির দর্শন ও অন্যান্য প্রবন্ধ /
246 _aBangalir Darshan O Onnanno Prabanda
260 _aঢাকা:
_bঢাকা বিশ্ববিদ্যালয়,
_c১৯৯৪।
300 _a২৬০ পৃষ্ঠা:
_c২২ সে. মি.।
504 _aনিঘন্ট সংযুক্ত ।
650 0 _aPhilosophy (দর্শন), philosophy, metaphysics, theory, principle, ethos, doctrine, philosophy, knowledge, তত্ত্ব
_xBangali (বাঙালি)
_95573
650 0 _94586
_aHistory (ইতিহাস)
650 0 _95799
_aEssay (প্রবন্ধ)
942 _2ddc
_cBK